| 000 | 00634nam a2200193 a 4500 | ||
|---|---|---|---|
| 005 | 20250903063925.0 | ||
| 008 | 020926s1976 fr r 000 0 fre d | ||
| 035 | _aUPN01000119667 | ||
| 049 | _aUNE | ||
| 050 | 4 |
_aLA1942 _bC3.4 |
|
| 245 | 0 | 0 |
_aCasablanca, le Gharb, et Kenitra, Maroc / _cGuy Porte ... [et al.]. |
| 260 |
_aParis : _bUNESCO, Institut International de Planification de l'Education, _c1976. |
||
| 300 |
_a242 p. : _bil. |
||
| 440 | 0 |
_aMetho de preparation de la carte scolaire ; _v7 |
|
| 650 | 4 |
_aEDUCACION - _zMARRUECOS _917622 |
|
| 650 | 4 |
_aDiseƱo curricular _96719 |
|
| 700 | 1 |
_aPorte, Guy, _ecoaut. |
|
| 905 | _aLibro | ||
| 999 |
_c92019 _d92019 |
||